|
|
|
|
| LEADER |
00000nam a22000007a 4500 |
| 005 |
20190103124537.0 |
| 007 |
cr|||| |||| |
| 008 |
190103s2018 br |||||s|||| 00||0 por d |
| 020 |
|
|
|a 978-85-361-9630-5
|
| 035 |
|
|
|a 22709
|
| 040 |
|
|
|a vLex
|
| 090 |
|
|
|c 8427
|d 8427
|
| 100 |
1 |
|
|a de Quadros Pessoa Cavalcante, Jouberto
|
| 245 |
1 |
0 |
|a Sociedade, tecnologia e a luta pelo emprego
|h [Recurso electrn̤ico] /
|c Jouberto de Quadros Pessoa Cavalcante
|
| 256 |
|
|
|a Servicio en ln̕ea
|
| 260 |
|
|
|a San Pablo:
|b LTR,
|c 2018
|
| 300 |
|
|
|a 1 recurso electrn̤ico
|
| 506 |
1 |
|
|a Disponible solo en los productos indicados
|d vLex Global
|d vLex Global (Academic Edition, excluding Law Schools)
|d vLex Global (U.S. Academic Edition, Law Schools)
|d vLex Global (U.S. Academic Edition, excluding Law Schools)
|d vLex Global (Academic Edition, Law Schools)
|
| 650 |
0 |
4 |
|a Nuevas tecnologa̕s
|z Brasil
|
| 740 |
0 |
|
|a vLex Libros (Servicio en ln̕ea)
|
| 856 |
4 |
0 |
|u http://vlex.com/source/sociedade-tecnologia-luta-emprego-22709
|z Acceso restringido
|
| 942 |
|
|
|c BOOK
|
| 999 |
0 |
|
|a New technologies
|